Countries With Oblasts - Statistics

General Stats
  • This quiz has been taken 9 times
  • The average score is 10 of 11
Answer Stats
# of Oblasts Country Largest Oblast % Correct
46 Russia Irkutsk
100%
24 Ukraine Donetsk
100%
10 Armenia Gegharkunik
89%
6 Belarus Gomel
89%
9 Georgia Kakheti
89%
14 Kazakhstan South __________
89%
7 Kyrgyzstan Osh
89%
2 Tajikistan Khatlon
89%
5 Turkmenistan Mary
89%
12 Uzbekistan Samarqand
89%
28 Bulgaria Burgas
67%
No matching quizzes found
Score Distribution
Percent of People with Each Score
Percentile by Number Answered
Your Score History
You have not taken this quiz